Anna Kerenina (Record no. 303820)

MARC details
000 -LEADER
fixed length control field 00378nam a2200157Ia 4500
008 - FIXED-LENGTH DATA ELEMENTS--GENERAL INFORMATION
fixed length control field 230718s9999 xx 000 0 und d
041 ## - LANGUAGE CODE
Language code of text/sound track or separate title eng
082 ## - DEWEY DECIMAL CLASSIFICATION NUMBER
Classification number 823
Item number TOL
100 ## - MAIN ENTRY--PERSONAL NAME
Personal name Tolstoy L.
9 (RLIN) 166773
245 ## - TITLE STATEMENT
Title Anna Kerenina
260 ## - PUBLICATION, DISTRIBUTION, ETC. (IMPRINT)
Date of publication, distribution, etc. 1981
Name of publisher, distributor, etc. Bantam
300 ## - PHYSICAL DESCRIPTION
Extent 868
365 ## - TRADE PRICE
Currency code Rs.
Price amount 258.00
700 ## - ADDED ENTRY--PERSONAL NAME
Personal name Tolstoy Leo
9 (RLIN) 123664
906 ## - LOCAL DATA ELEMENT F, LDF (RLIN)
d B:491104-Jul-2002
c ENG
b 38.7
Holdings
Withdrawn status Lost status Damaged status Not for loan Home library Current library Date acquired Vendor Budget Code Cost, normal purchase price Bill number Total Checkouts Full call number Barcode Date last seen Discount Cost, replacement price Bill Date Koha item type Original Barcode
        Cummins College of Engineering for Women Pune Cummins College of Engineering for Women Pune 09/07/2002 Technical Book Services ENG 219.30 4911   823 CCEP-BK-15027 18/07/2023 38.7 258.00 04/07/2002 Books 015027